000 00859nam a2200265 a 4500
001 BRL_216
005 20190320210635.0
008 800616s1979 mx-ab#####---#000-0#spa-#
041 _aspa
044 _amx
050 4 _aF1219
_b.C66 16 1979
245 1 0 _aComunicaciones 16 / 1979
_bProyecto Puebla Tlaxcala.
260 _aPuebla, México
_bFundación Alemana para la Investigación Científica
_c1979
300 _a316 p.
_bil., planos
_c28 cm.
_e4 mapas
500 _aAu267.
504 _aIncluye referencias bibliográficas
505 0 _aSegundo Simposio 2 al 7 octubre 1978
650 1 4 _aIndígenas de México
_xAntigüedades
_9509
650 1 4 _aGeología
_zMéxico
_95672
651 4 _aMéxico
_xAntigüedades
_92765
651 4 _aPuebla (México : Estado)
_923258
651 4 _aTlaxcala (México : Estado)
_923259
902 _aGRL
942 _2lcc
_cB
999 _c9029
_d9029